| 000 | 00406nam a2200157Ia 4500 | ||
|---|---|---|---|
| 008 | 210716s2002 xx 000 0 und d | ||
| 020 | _a0030337267 | ||
| 041 | _aeng | ||
| 082 | _a338.04 MORM | ||
| 100 | _aMorris, Michael H; Kuratko, Donald F. | ||
| 245 | _aCorporate entrepreneurship. | ||
| 250 | _a1 | ||
| 260 |
_aNew York _bHarcourt College _c2002 |
||
| 300 | _axx,364 | ||
| 650 | _aEntrepreneurship | ||
| 999 |
_c201203 _d201203 |
||